[Event "Vesterhav"]
[Site "Esbjerg"]
[Date "2008.07.13"]
[Round "4"]
[White "Luther, Lasse"]
[Black "Skaanning Pedersen, Kim Henrik"]
[Result "1/2-1/2"]
[WhiteElo "1912"]
[BlackElo "2173"]
[PlyCount "89"]
[EventDate "2008.07.11"]
[EventType "swiss"]
[EventRounds "10"]
[EventCountry "DEN"]
[Source "ChessBase"]
[SourceDate "2008.09.01"]

1. e4 c5 2. Nf3 g6 3. d4 cxd4 4. Nxd4 Nc6 5. Nc3 Bg7 6. Be3 Nf6 7. Bc4 O-O 8.
Bb3 d6 9. f3 Bd7 10. Qd2 Nxd4 11. Bxd4 b5 12. h4 a5 13. Nd5 Nxd5 14. Bxg7 Kxg7
15. Bxd5 Rc8 16. h5 g5 17. Qxg5+ Kh8 18. e5 e6 19. Qxd8 Rfxd8 20. Be4 dxe5 21.
O-O-O f5 22. Bd3 Kg7 23. g4 Kf6 24. Rhg1 Bc6 25. Be2 h6 26. gxf5 Be8 27. Rxd8
Rxd8 28. Rg8 Kf7 29. Rg6 exf5 30. Rxh6 Rd4 31. Ra6 a4 32. h6 Rh4 33. Ra7+ Kf6
34. h7 Bg6 35. Bxb5 Bxh7 36. Bxa4 f4 37. Bc6 Rh1+ 38. Kd2 Rh2+ 39. Ke1 Bxc2 40.
b4 Bd3 41. b5 Rb2 42. a4 e4 43. Bxe4 Bxe4 44. fxe4 Ke5 45. Rf7 1/2-1/2

[Event "Vesterhav"]
[Site "Esbjerg"]
[Date "2008.07.13"]
[Round "4"]
[White "Mortensen, Carl Heinrich"]
[Black "Jacobsen, Per"]
[Result "1-0"]
[WhiteElo "1686"]
[BlackElo "1702"]
[PlyCount "75"]
[EventDate "2008.07.11"]
[EventType "swiss"]
[EventRounds "10"]
[EventCountry "DEN"]
[Source "ChessBase"]
[SourceDate "2008.09.01"]

1. e4 Nf6 2. e5 Nd5 3. Nf3 d6 4. Bc4 c6 5. O-O g6 6. Nc3 dxe5 7. Nxe5 Bg7 8. d4
O-O 9. Be3 Be6 10. Bb3 Nd7 11. Nxd7 Qxd7 12. Ne4 b6 13. c3 Bf5 14. Ng3 Bg4 15.
Qd2 Nxe3 16. Qxe3 Qc7 17. h3 Bc8 18. Rad1 Bb7 19. f4 e6 20. Ne4 Ba6 21. Rfe1
Bb7 22. Ng5 h6 23. Nf3 Kh7 24. g4 Rfd8 25. Ne5 Bf8 26. f5 gxf5 27. gxf5 Bd6 28.
f6 Rg8+ 29. Kf2 c5 30. Bc2+ Rg6 31. Bxg6+ fxg6 32. Ng4 Bf4 33. Qd3 Qc6 34. Rg1
Bg5 35. dxc5 Qxc5+ 36. Ne3 Bh4+ 37. Kf1 Qe5 38. Qxg6+ 1-0

[Event "Vesterhav"]
[Site "Esbjerg"]
[Date "2008.07.13"]
[Round "4"]
[White "Motzkus, Mikkel"]
[Black "Helledie, Anders"]
[Result "0-1"]
[WhiteElo "1995"]
[BlackElo "2223"]
[PlyCount "70"]
[EventDate "2008.07.11"]
[EventType "swiss"]
[EventRounds "10"]
[EventCountry "DEN"]
[Source "ChessBase"]
[SourceDate "2008.09.01"]

1. d4 Nf6 2. Nf3 g6 3. c4 Bg7 4. Nc3 d6 5. e4 O-O 6. Be2 e5 7. O-O Nc6 8. d5
Ne7 9. b4 Nh5 10. Re1 f5 11. Nd2 Nf6 12. f3 f4 13. c5 g5 14. Nc4 Ng6 15. a4 Rf7
16. Ba3 Bf8 17. cxd6 cxd6 18. a5 Rg7 19. b5 Nh4 20. Bb4 g4 21. Rf1 Nxg2 22.
Kxg2 gxf3+ 23. Kh1 fxe2 24. Qxe2 Bg4 25. Qf2 Nh5 26. a6 b6 27. Na4 Be7 28. Be1
Qe8 29. Naxb6 Qxb5 30. Ra5 Qb1 31. Nxa8 Qxe4+ 32. Qg2 Bf5 33. Bg3 Qxc4 34. Ra3
Be4 35. Raf3 fxg3 0-1

[Event "Vesterhav"]
[Site "Esbjerg"]
[Date "2008.07.13"]
[Round "4"]
[White "Nielsen, Jesper1"]
[Black "Poulsen, Iver"]
[Result "1/2-1/2"]
[WhiteElo "1718"]
[BlackElo "2147"]
[PlyCount "55"]
[EventDate "2008.07.11"]
[EventType "swiss"]
[EventRounds "10"]
[EventCountry "DEN"]
[Source "ChessBase"]
[SourceDate "2008.09.01"]

1. e4 c5 2. Nf3 e6 3. c3 Nf6 4. Qc2 d5 5. d3 Nc6 6. Bg5 h6 7. Bh4 Be7 8. Nbd2
O-O 9. Be2 Re8 10. O-O e5 11. Rad1 d4 12. a3 Be6 13. c4 Nd7 14. Bg3 a6 15. Ne1
Bh4 16. f4 exf4 17. Bxf4 Bg5 18. g3 Bh3 19. Rf2 Nde5 20. Ng2 b6 21. Rdf1 Ra7
22. Kh1 Rae7 23. Qd1 Qd7 24. Rg1 Bg4 25. Qf1 Bh3 26. Qd1 Bg4 27. Qf1 Bh3 28.
Qd1 1/2-1/2

[Event "Vesterhav"]
[Site "Esbjerg"]
[Date "2008.07.13"]
[Round "4"]
[White "Noe, Lars"]
[Black "Zyde, Fadmal"]
[Result "1-0"]
[WhiteElo "1936"]
[BlackElo "1659"]
[PlyCount "43"]
[EventDate "2008.07.11"]
[EventType "swiss"]
[EventRounds "10"]
[EventCountry "DEN"]
[Source "ChessBase"]
[SourceDate "2008.09.01"]

1. d4 d5 2. c4 dxc4 3. e4 e6 4. Bxc4 Nf6 5. Nc3 g6 6. Bg5 Be7 7. Bh6 Bf8 8.
Bxf8 Kxf8 9. e5 Nh5 10. Qd2 Nc6 11. Nf3 a6 12. a4 f6 13. Qh6+ Kg8 14. d5 Na5
15. Ba2 Qe7 16. O-O fxe5 17. Rfe1 b5 18. Nxe5 Ng7 19. dxe6 Bxe6 20. Nd5 Bxd5
21. Bxd5+ Ne6 22. Bxa8 1-0

[Event "Vesterhav"]
[Site "Esbjerg"]
[Date "2008.07.13"]
[Round "4"]
[White "Ovsejevitsch, Sergei"]
[Black "Seegert, Kristian"]
[Result "1-0"]
[WhiteElo "2582"]
[BlackElo "2024"]
[PlyCount "65"]
[EventDate "2008.07.11"]
[EventType "swiss"]
[EventRounds "10"]
[EventCountry "DEN"]
[Source "ChessBase"]
[SourceDate "2008.09.01"]

1. d4 Nf6 2. c4 c5 3. d5 b5 4. Nf3 g6 5. cxb5 a6 6. e3 Bg7 7. Nc3 O-O 8. a4 Bb7
9. Bc4 axb5 10. Nxb5 e6 11. dxe6 fxe6 12. Nd6 Bc6 13. O-O Qc7 14. Ng5 Rxa4 15.
Rxa4 Bxa4 16. b3 Bc6 17. Bb2 h6 18. Bxf6 Bxf6 19. Nge4 Bxe4 20. Nxe4 d5 21.
Nxf6+ Rxf6 22. Bb5 Qb7 23. Qd3 Kg7 24. Rc1 Qb6 25. h4 Nc6 26. Bxc6 Qxc6 27. Qc3
Qb5 28. Ra1 Qb6 29. Qe5 d4 30. exd4 cxd4 31. Rc1 d3 32. Rc7+ Kg8 33. Qxf6 1-0

[Event "Vesterhav"]
[Site "Esbjerg"]
[Date "2008.07.13"]
[Round "4"]
[White "Brondt, Nicolai Kvist"]
[Black "Holm, Sejer"]
[Result "0-1"]
[WhiteElo "1966"]
[BlackElo "2240"]
[PlyCount "120"]
[EventDate "2008.07.11"]
[EventType "swiss"]
[EventRounds "10"]
[EventCountry "DEN"]
[Source "ChessBase"]
[SourceDate "2008.09.01"]

1. d4 d5 2. Nf3 e6 3. Bf4 c5 4. c3 Nc6 5. e3 Nf6 6. Be2 Be7 7. O-O O-O 8. h3 b6
9. Ne5 Nxe5 10. Bxe5 Bb7 11. Nd2 Rc8 12. Rc1 c4 13. b4 b5 14. Bxf6 Bxf6 15. Qc2
e5 16. dxe5 Bxe5 17. Nf3 Bb8 18. Nd4 a6 19. Rce1 Qc7 20. g3 Rcd8 21. Bf3 Rfe8
22. Re2 g6 23. Bg2 Re7 24. Rd1 Qb6 25. Red2 Qf6 26. Ne2 Red7 27. Nf4 Qe5 28. h4
Ba7 29. Kf1 Rd6 30. Kg1 h6 31. Ne2 Bc8 32. Nf4 Bf5 33. Qc1 Be4 34. Bxe4 Qxe4
35. Qc2 Qe5 36. Ne2 g5 37. h5 f5 38. Nd4 Rf8 39. Re2 Qf6 40. Rde1 Qf7 41. Rd2
Kh8 42. Red1 f4 43. exf4 gxf4 44. g4 Rg8 45. f3 Qxh5 46. Kg2 Bxd4 47. Rxd4 Qe5
48. Qd2 Rf8 49. Rxd5 Rxd5 50. Qxd5 Qxc3 51. Rh1 Qb2+ 52. Kg1 Qa1+ 53. Kg2 Qxa2+
54. Kg1 Qa1+ 55. Kg2 Qg7 56. g5 Rg8 57. Rh5 Qg6 58. Qd4+ Rg7 59. Qd8+ Kh7 60.
Rh3 Qxg5+ 0-1

[Event "Vesterhav"]
[Site "Esbjerg"]
[Date "2008.07.13"]
[Round "4"]
[White "Pedersen, Torben Phalaris"]
[Black "Johansen, Johnny Holler"]
[Result "1/2-1/2"]
[WhiteElo "1973"]
[BlackElo "2029"]
[PlyCount "82"]
[EventDate "2008.07.11"]
[EventType "swiss"]
[EventRounds "10"]
[EventCountry "DEN"]
[Source "ChessBase"]
[SourceDate "2008.09.01"]

1. Nc3 d5 2. e4 c6 3. Nf3 dxe4 4. Nxe4 Bf5 5. Ng3 Bg6 6. d4 Nd7 7. h4 h6 8. Bc4
e6 9. Qe2 Ngf6 10. Ne5 Nxe5 11. dxe5 Nd5 12. h5 Bh7 13. Bd3 Bxd3 14. Qxd3 Qc7
15. Qe2 O-O-O 16. O-O Bc5 17. Re1 f5 18. a3 Qe7 19. c4 Nc7 20. Be3 Bxe3 21.
Qxe3 Kb8 22. b4 Rd7 23. Rad1 Rhd8 24. Rxd7 Qxd7 25. Ne2 Qd3 26. Rc1 Qxe3 27.
fxe3 Rd3 28. Rc3 Rxc3 29. Nxc3 Kc8 30. Kf2 Kd7 31. Kf3 Na8 32. Na4 b5 33. Nc5+
Ke7 34. cxb5 cxb5 35. e4 fxe4+ 36. Kxe4 Nb6 37. g4 Nc4 38. a4 bxa4 39. Nxa4
Nd2+ 40. Ke3 Nc4+ 41. Ke4 Nd2+ 1/2-1/2

[Event "Vesterhav"]
[Site "Esbjerg"]
[Date "2008.07.13"]
[Round "4"]
[White "Porsgaard, Per Lykke"]
[Black "Jensen, Jan Kargaard"]
[Result "0-1"]
[WhiteElo "1248"]
[BlackElo "1813"]
[PlyCount "50"]
[EventDate "2008.07.11"]
[EventType "swiss"]
[EventRounds "10"]
[EventCountry "DEN"]
[Source "ChessBase"]
[SourceDate "2008.09.01"]

1. d4 Nf6 2. c4 e6 3. a3 d5 4. e3 Nbd7 5. Nc3 c6 6. Nf3 Bd6 7. Bd3 O-O 8. e4
dxe4 9. Nxe4 Nxe4 10. Bxe4 e5 11. d5 cxd5 12. Bxd5 Nb6 13. Ng5 Nxd5 14. Qxd5 h6
15. h4 hxg5 16. hxg5 Bf5 17. Qf3 Bg6 18. Qh3 f5 19. Be3 Qd7 20. O-O-O Rac8 21.
Qh5 Rxc4+ 22. Kb1 Bxh5 23. Rxh5 Kf7 24. g6+ Ke6 25. Bg5 Qe8 0-1

[Event "Vesterhav"]
[Site "Esbjerg"]
[Date "2008.07.13"]
[Round "4"]
[White "Prohl, Frank"]
[Black "Marshall, Michael"]
[Result "1/2-1/2"]
[WhiteElo "1226"]
[BlackElo "1917"]
[PlyCount "61"]
[EventDate "2008.07.11"]
[EventType "swiss"]
[EventRounds "10"]
[EventCountry "DEN"]
[Source "ChessBase"]
[SourceDate "2008.09.01"]

1. f4 d5 2. Nf3 Nf6 3. d3 c6 4. e3 Qb6 5. Be2 Bg4 6. c3 e6 7. Ne5 Bxe2 8. Qxe2
Bd6 9. O-O O-O 10. Kh1 Qc7 11. d4 c5 12. Nd2 Nc6 13. Ng4 Nxg4 14. Qxg4 f5 15.
Qg3 b5 16. Qh4 Rf6 17. Rf3 Rh6 18. Qf2 b4 19. dxc5 Bxc5 20. Nb3 Be7 21. Bd2 g5
22. Rh3 Rxh3 23. gxh3 g4 24. Rg1 h5 25. hxg4 hxg4 26. h3 Kf7 27. hxg4 Rh8+ 28.
Kg2 fxg4 29. Rh1 Rxh1 30. Kxh1 Qc8 31. Be1 1/2-1/2

[Event "Vesterhav"]
[Site "Esbjerg"]
[Date "2008.07.13"]
[Round "4"]
[White "Rendboe, John Filip"]
[Black "Mortensen, Henrik"]
[Result "1/2-1/2"]
[WhiteElo "2234"]
[BlackElo "2019"]
[PlyCount "43"]
[EventDate "2008.07.11"]
[EventType "swiss"]
[EventRounds "10"]
[EventCountry "DEN"]
[Source "ChessBase"]
[SourceDate "2008.09.01"]

1. d4 Nc6 2. d5 Ne5 3. e4 d6 4. Be3 Nf6 5. Nc3 e6 6. Nf3 Nxf3+ 7. Qxf3 exd5 8.
exd5 a6 9. h3 g6 10. Be2 Bg7 11. O-O-O O-O 12. g4 b5 13. g5 Nd7 14. h4 f5 15.
Bd4 Ne5 16. Qf4 Bb7 17. Bf3 Qe7 18. Bg2 Rae8 19. Rhe1 Qf7 20. a3 Nc4 21. Re6
Ne5 22. Rxe8 1/2-1/2

[Event "Vesterhav"]
[Site "Esbjerg"]
[Date "2008.07.13"]
[Round "4"]
[White "Spirin, Oleg"]
[Black "Malakhatko, Vadim"]
[Result "1/2-1/2"]
[WhiteElo "2446"]
[BlackElo "2612"]
[PlyCount "51"]
[EventDate "2008.07.11"]
[EventType "swiss"]
[EventRounds "10"]
[EventCountry "DEN"]
[Source "ChessBase"]
[SourceDate "2008.09.01"]

1. d4 d5 2. c4 e6 3. Nc3 c6 4. e3 Nf6 5. Nf3 a6 6. Bd3 dxc4 7. Bxc4 b5 8. Bd3
c5 9. O-O Bb7 10. dxc5 Bxc5 11. a3 Nbd7 12. b4 Be7 13. Bb2 O-O 14. Qe2 Rc8 15.
Rfd1 Qc7 16. Rac1 Qb8 17. h3 Rfd8 18. Nb1 Rxc1 19. Rxc1 Ne4 20. Nbd2 Nxd2 21.
Nxd2 Qa8 22. Nf3 Bf6 23. Bxf6 Nxf6 24. Ne1 h6 25. Rc7 Rd7 26. Rxd7 1/2-1/2

[Event "Vesterhav"]
[Site "Esbjerg"]
[Date "2008.07.13"]
[Round "4"]
[White "Trarup, Jorgen"]
[Black "Madsen, Egon Rysgaard"]
[Result "0-1"]
[WhiteElo "1784"]
[BlackElo "1677"]
[PlyCount "136"]
[EventDate "2008.07.11"]
[EventType "swiss"]
[EventRounds "10"]
[EventCountry "DEN"]
[Source "ChessBase"]
[SourceDate "2008.09.01"]

1. e4 e5 2. Nf3 Nc6 3. Nc3 Nf6 4. Bc4 Be7 5. O-O d6 6. d4 exd4 7. Nxd4 Ne5 8.
Be2 c5 9. Nf3 Be6 10. Nxe5 dxe5 11. Bb5+ Bd7 12. Bxd7+ Qxd7 13. Qxd7+ Nxd7 14.
Nd5 Rc8 15. Nxe7 Kxe7 16. Bg5+ f6 17. Be3 b6 18. Rad1 Rhd8 19. Rd5 Nb8 20. Rfd1
Nc6 21. c3 Rxd5 22. exd5 Na5 23. b3 c4 24. b4 Nb7 25. f4 Nd6 26. fxe5 fxe5 27.
Bg5+ Kd7 28. Re1 Nf7 29. Be3 Kd6 30. a4 Kxd5 31. a5 bxa5 32. Rd1+ Ke4 33. Bxa7
axb4 34. cxb4 c3 35. Kf2 c2 36. Re1+ Kd3 37. Be3 Rb8 38. Bc1 Rxb4 39. Re3+ Kc4
40. Ke2 Rb3 41. Re4+ Kd5 42. Rg4 g5 43. Kd2 e4 44. Kxc2 h5 45. Kxb3 hxg4 46.
Be3 Ke5 47. Kc3 Kf5 48. g3 Ne5 49. Kd2 Nf3+ 50. Ke2 Nxh2 51. Bb6 Nf3 52. Ba7
Ne5 53. Be3 Nc4 54. Ba7 Ke5 55. Bc5 Nd6 56. Kf2 Nf5 57. Ba7 Kd5 58. Bb6 Kc4 59.
Bd8 Kd3 60. Bxg5 e3+ 61. Kg2 e2 62. Kf2 Nxg3 63. Bf4 Ne4+ 64. Ke1 g3 65. Be3 g2
66. Bg1 Ng5 67. Be3 Nf3+ 68. Kf2 g1=Q+ 0-1

[Event "Vesterhav"]
[Site "Esbjerg"]
[Date "2008.07.13"]
[Round "4"]
[White "Voss, Chantal"]
[Black "Madsen, Tobias Juul"]
[Result "1-0"]
[WhiteElo "1913"]
[BlackElo "1608"]
[PlyCount "123"]
[EventDate "2008.07.11"]
[EventType "swiss"]
[EventRounds "10"]
[EventCountry "DEN"]
[Source "ChessBase"]
[SourceDate "2008.09.01"]

1. d4 Nf6 2. c4 c5 3. d5 b5 4. Nc3 b4 5. Nb1 d6 6. Qc2 g6 7. e4 Bg7 8. Be2 O-O
9. f4 Qa5 10. Nf3 b3+ 11. Qd2 Qxa2 12. Qa5 Qxa5+ 13. Rxa5 Nxe4 14. Rb5 Bf5 15.
Rxb3 Na6 16. O-O Rfb8 17. Ra3 Nb4 18. Nbd2 Nxd2 19. Nxd2 Rb7 20. g4 Bc2 21.
Rff3 a5 22. b3 Rba7 23. Ra4 e6 24. dxe6 fxe6 25. Rf1 Rb8 26. Kg2 Nd3 27. Bxd3
Bxd3 28. Re1 Kf7 29. Re3 Bc2 30. Ra2 Bd1 31. h3 Rab7 32. Rxa5 Bxb3 33. Ra6 Bf8
34. Ra3 Bc2 35. Ra2 Bb3 36. Ra3 Bc2 37. Ra2 Bb1 38. Raa3 d5 39. Ra6 Rb6 40.
Ra7+ R8b7 41. Ra8 d4 42. Rea3 Rb2 43. R8a7 R2b6 44. Kf2 Be7 45. g5 Bf5 46. h4
d3 47. Ra8 Bf8 48. Rd8 Rd6 49. Rda8 Rdd7 50. R3a6 Rd6 51. Rxf8+ Kxf8 52. Rxd6
Ke7 53. Rc6 Ra7 54. Rxc5 Ra1 55. Bb2 Rd1 56. Bc3 Kd6 57. Rc8 Rh1 58. Nf3 Be4
59. Ne5 Rh2+ 60. Kg3 Rg2+ 61. Kh3 Rc2 62. Bb4# 1-0

[Event "Vesterhav"]
[Site "Esbjerg"]
[Date "2008.07.13"]
[Round "4"]
[White "Vul, Arkadi Eremeevich"]
[Black "Munksgaard, Dennis"]
[Result "1-0"]
[WhiteElo "2332"]
[BlackElo "2022"]
[PlyCount "69"]
[EventDate "2008.07.11"]
[EventType "swiss"]
[EventRounds "10"]
[EventCountry "DEN"]
[Source "ChessBase"]
[SourceDate "2008.09.01"]

1. Nf3 Nf6 2. c4 b6 3. g3 Bb7 4. Bg2 e6 5. O-O Be7 6. Nc3 O-O 7. d4 Ne4 8. Qc2
Nxc3 9. Qxc3 Na6 10. Rd1 d5 11. Ne5 Nb4 12. a3 Nc6 13. cxd5 Nxe5 14. dxe5 exd5
15. e4 c6 16. exd5 cxd5 17. Qb3 Bc5 18. Bxd5 Bxd5 19. Rxd5 Qe7 20. Be3 Bxe3 21.
Qxe3 Rad8 22. Rad1 Rxd5 23. Rxd5 Rc8 24. Qd4 Rc1+ 25. Kg2 Qb7 26. Kh3 h6 27.
Rd8+ Kh7 28. Qd3+ g6 29. Rd7 Qc8 30. e6 Rc7 31. Qd6 Qa6 32. Rxc7 Qf1+ 33. Kh4
g5+ 34. Kg4 Qe2+ 35. f3 1-0

[Event "Vesterhav"]
[Site "Esbjerg"]
[Date "2008.07.13"]
[Round "4"]
[White "Wasenius, Thomas"]
[Black "Nordin, Eric"]
[Result "0-1"]
[WhiteElo "1196"]
[BlackElo "1991"]
[PlyCount "38"]
[EventDate "2008.07.11"]
[EventType "swiss"]
[EventRounds "10"]
[EventCountry "DEN"]
[Source "ChessBase"]
[SourceDate "2008.09.01"]

1. e4 d6 2. d4 Nf6 3. Nc3 g6 4. Bc4 Bg7 5. Bb3 O-O 6. f4 c5 7. Nf3 Bg4 8. d5 b5
9. a3 Qb6 10. Qe2 Nbd7 11. h3 Bxf3 12. gxf3 Nh5 13. Qf2 Bd4 14. Qh4 c4 15. Ba2
Be3 16. Ke2 Nxf4+ 17. Kf1 Bxc1 18. Rxc1 Qe3 19. Re1 Qxf3+ 0-1

[Event "Vesterhav"]
[Site "Esbjerg"]
[Date "2008.07.13"]
[Round "4"]
[White "Zozulia, Anna"]
[Black "Rasmussen, Karsten"]
[Result "1/2-1/2"]
[WhiteElo "2346"]
[BlackElo "2458"]
[PlyCount "120"]
[EventDate "2008.07.11"]
[EventType "swiss"]
[EventRounds "10"]
[EventCountry "DEN"]
[Source "ChessBase"]
[SourceDate "2008.09.01"]

1. e4 c6 2. d4 d5 3. exd5 cxd5 4. Bd3 Nc6 5. c3 Nf6 6. h3 e5 7. dxe5 Nxe5 8.
Bc2 Bd6 9. Nf3 O-O 10. O-O Re8 11. Bf4 Nc4 12. Bxd6 Qxd6 13. b3 Ne5 14. Nbd2
Be6 15. Nxe5 Qxe5 16. Qf3 Rac8 17. Rac1 Rc6 18. Bd3 Rec8 19. c4 Qg5 20. Rc2
dxc4 21. Nxc4 Bd5 22. Qg3 Qxg3 23. fxg3 b5 24. Ne3 Rxc2 25. Bxc2 Be6 26. Bd3
Rc3 27. Rd1 Kf8 28. Kf2 a6 29. Ke2 Nh5 30. Kd2 Rc5 31. g4 Nf4 32. Be4 Ke7 33.
Rf1 Nd5 34. Nxd5+ Bxd5 35. b4 Rc4 36. Bxd5 Rd4+ 37. Kc3 Rxd5 38. a4 Re5 39.
axb5 axb5 40. Rf2 Re4 41. Rf5 Re2 42. Rxb5 Rxg2 43. Rd5 Ke6 44. Rd3 h5 45. gxh5
Rg5 46. Kc4 Rxh5 47. b5 f5 48. b6 Rh8 49. Rg3 f4 50. Rxg7 Rxh3 51. Rg8 Rh7 52.
Kc5 Kf5 53. Kc6 f3 54. b7 Rxb7 55. Kxb7 Ke4 56. Kc6 f2 57. Rf8 Ke3 58. Kd5 Ke2
59. Ke4 f1=R 60. Rxf1 Kxf1 1/2-1/2

[Event "Vesterhav"]
[Site "Esbjerg"]
[Date "2008.07.13"]
[Round "5"]
[White "Andersen, Jackie"]
[Black "Jensen, Leif Haugaard"]
[Result "1-0"]
[WhiteElo "2300"]
[BlackElo "2010"]
[PlyCount "81"]
[EventDate "2008.07.11"]
[EventType "swiss"]
[EventRounds "10"]
[EventCountry "DEN"]
[Source "ChessBase"]
[SourceDate "2008.09.01"]

1. d4 d5 2. Nf3 c6 3. Bf4 Bf5 4. e3 e6 5. a3 Nf6 6. c4 Be7 7. Nc3 O-O 8. Ne5
Nbd7 9. g4 Nxe5 10. dxe5 Nxg4 11. Rg1 Nxf2 12. Kxf2 f6 13. Kg2 fxe5 14. Bxe5
Bf6 15. Bxf6 Rxf6 16. Kh1 Rh6 17. Qd4 Qc7 18. Qf4 Qxf4 19. exf4 Rh4 20. cxd5
exd5 21. Re1 Kf7 22. Ne2 Re8 23. Bg2 Kf6 24. Ng3 Rxe1 25. Rxe1 g6 26. Rf1 Be6
27. Kg1 b6 28. Ne2 Bd7 29. Bf3 Ke7 30. Rd1 Kd6 31. Kg2 Be6 32. Rd2 a6 33. b4 c5
34. Nc3 d4 35. Ne4+ Ke7 36. bxc5 bxc5 37. Nxc5 Rxf4 38. Re2 Kd6 39. Nxe6 d3 40.
Nxf4 dxe2 41. Bxe2 1-0

[Event "Vesterhav"]
[Site "Esbjerg"]
[Date "2008.07.13"]
[Round "5"]
[White "Andersen, Mads"]
[Black "Hagen, Andreas Skytte"]
[Result "1/2-1/2"]
[WhiteElo "2092"]
[BlackElo "2288"]
[PlyCount "39"]
[EventDate "2008.07.11"]
[EventType "swiss"]
[EventRounds "10"]
[EventCountry "DEN"]
[Source "ChessBase"]
[SourceDate "2008.09.01"]

1. e4 e6 2. d4 d5 3. Nc3 Be7 4. Nf3 Nf6 5. Bd3 c5 6. dxc5 dxe4 7. Nxe4 Nxe4 8.
Bxe4 Qxd1+ 9. Kxd1 Bxc5 10. Ke2 Nd7 11. Nd2 f5 12. Bd3 Ne5 13. Bb5+ Kf7 14. Nc4
Nxc4 15. Bxc4 Bd7 16. Rd1 Bc6 17. Kf1 b5 18. Bb3 Kf6 19. Be3 Bxe3 20. Rd6
1/2-1/2

[Event "Vesterhav"]
[Site "Esbjerg"]
[Date "2008.07.13"]
[Round "5"]
[White "Andersen, Morten"]
[Black "Vul, Arkadi Eremeevich"]
[Result "1/2-1/2"]
[WhiteElo "2185"]
[BlackElo "2332"]
[PlyCount "59"]
[EventDate "2008.07.11"]
[EventType "swiss"]
[EventRounds "10"]
[EventCountry "DEN"]
[Source "ChessBase"]
[SourceDate "2008.09.01"]

1. e4 e5 2. Nf3 Nc6 3. Bb5 g6 4. d4 exd4 5. Nxd4 Bg7 6. Be3 Nf6 7. Nc3 O-O 8.
O-O Ng4 9. Qxg4 Nxd4 10. Bd3 d5 11. Qg5 dxe4 12. Qxd8 Rxd8 13. Nxe4 h6 14. Rad1
b6 15. c3 Ne6 16. f4 Rxd3 17. Rxd3 Ba6 18. Rfd1 Bxd3 19. Rxd3 f5 20. Nd2 Rd8
21. Rxd8+ Nxd8 22. Nf3 Nc6 23. Kf2 Kf7 24. Ke2 Ke6 25. Kd3 Kd5 26. Nh4 Ne7 27.
c4+ Kd6 28. b3 Bf6 29. Nf3 Nc6 30. a4 1/2-1/2

[Event "Vesterhav"]
[Site "Esbjerg"]
[Date "2008.07.13"]
[Round "5"]
[White "Andersen, Vagn Skov"]
[Black "Nielsen, Thomas (1994)"]
[Result "1-0"]
[WhiteElo "1778"]
[BlackElo "1084"]
[PlyCount "73"]
[EventDate "2008.07.11"]
[EventType "swiss"]
[EventRounds "10"]
[EventCountry "DEN"]
[Source "ChessBase"]
[SourceDate "2008.09.01"]

1. c4 c5 2. Nc3 Nc6 3. g3 g6 4. Bg2 Bg7 5. e4 d6 6. Nge2 Nf6 7. O-O O-O 8. d3
e5 9. f4 Re8 10. f5 Ng4 11. h3 Nf6 12. g4 b6 13. Bg5 Nd4 14. fxg6 fxg6 15. Nd5
Rf8 16. Qd2 Be6 17. Ne3 h6 18. Bh4 g5 19. Bg3 Qd7 20. Nxd4 cxd4 21. Nf5 Rf7 22.
Nxg7 Kxg7 23. Rf2 Raf8 24. Raf1 Nh7 25. Rxf7+ Rxf7 26. Rxf7+ Bxf7 27. b4 a6 28.
Qc2 Qc7 29. a4 b5 30. axb5 axb5 31. c5 Be8 32. Bf3 Kf7 33. Bd1 Ke7 34. cxd6+
Qxd6 35. Qc5 Bc6 36. Qxe5+ Qxe5 37. Bxe5 1-0

[Event "Vesterhav"]
[Site "Esbjerg"]
[Date "2008.07.13"]
[Round "5"]
[White "Carlstedt, Jonathan"]
[Black "Zozulia, Anna"]
[Result "0-1"]
[WhiteElo "2203"]
[BlackElo "2346"]
[PlyCount "108"]
[EventDate "2008.07.11"]
[EventType "swiss"]
[EventRounds "10"]
[EventCountry "DEN"]
[Source "ChessBase"]
[SourceDate "2008.09.01"]

1. c4 g6 2. g3 Bg7 3. Bg2 d6 4. Nc3 e5 5. d3 Ne7 6. e3 Nbc6 7. Nge2 Be6 8. Nd5
Qd7 9. Nec3 O-O 10. O-O Nd8 11. Bd2 Nc8 12. Ne4 f6 13. f4 c6 14. fxe5 cxd5 15.
cxd5 Bxd5 16. Nxf6+ Rxf6 17. exf6 Bxg2 18. Kxg2 Bf8 19. Qb3+ Nf7 20. e4 d5 21.
Bb4 Bxb4 22. Qxb4 Ncd6 23. Rae1 dxe4 24. dxe4 Re8 25. Rf3 Qe6 26. Qd4 Ne5 27.
Rff1 a6 28. Re2 Ndf7 29. Qe3 Qc6 30. h4 h5 31. b3 Kh7 32. Qc1 Qb5 33. Rfe1 Nd3
34. Qc7 Nxe1+ 35. Rxe1 Kg8 36. Kh2 Qe5 37. Qxb7 Qxf6 38. Kg2 Qb2+ 39. Kg1 Qc3
40. Kf2 Qd4+ 41. Kf1 Qd3+ 42. Kg2 Nd6 43. Qb4 Nxe4 44. Qc4+ Qxc4 45. bxc4 Kf7
46. Rb1 Re6 47. Rb7+ Kf6 48. Rc7 Ke5 49. Rc8 Kd4 50. Kf3 Rf6+ 51. Ke2 Rf2+ 52.
Ke1 Rxa2 53. Rc6 Kd3 54. Kf1 Nxg3+ 0-1

[Event "Vesterhav"]
[Site "Esbjerg"]
[Date "2008.07.13"]
[Round "5"]
[White "Evdokimov, Alexander A"]
[Black "Iljushin, Alexei"]
[Result "1/2-1/2"]
[WhiteElo "2555"]
[BlackElo "2546"]
[PlyCount "20"]
[EventDate "2008.07.11"]
[EventType "swiss"]
[EventRounds "10"]
[EventCountry "DEN"]
[Source "ChessBase"]
[SourceDate "2008.09.01"]

1. e4 e6 2. d4 d5 3. Nc3 Nf6 4. Bg5 dxe4 5. Nxe4 Be7 6. Nxf6+ Bxf6 7. Bxf6 Qxf6
8. Nf3 Nd7 9. Be2 O-O 10. O-O e5 1/2-1/2

[Event "Vesterhav"]
[Site "Esbjerg"]
[Date "2008.07.13"]
[Round "5"]
[White "Grove, Peter"]
[Black "Rendboe, John Filip"]
[Result "1/2-1/2"]
[WhiteElo "2109"]
[BlackElo "2234"]
[PlyCount "27"]
[EventDate "2008.07.11"]
[EventType "swiss"]
[EventRounds "10"]
[EventCountry "DEN"]
[Source "ChessBase"]
[SourceDate "2008.09.01"]

1. e4 c5 2. Nf3 Nc6 3. Nc3 e5 4. Bc4 Be7 5. d3 Nf6 6. Bg5 d6 7. h3 O-O 8. Qd2
Nd4 9. Bxf6 Bxf6 10. Nxd4 cxd4 11. Nd5 Bg5 12. Qb4 Rb8 13. a4 Be6 14. O-O
1/2-1/2

[Event "Vesterhav"]
[Site "Esbjerg"]
[Date "2008.07.13"]
[Round "5"]
[White "Hansen, Rene Rauer"]
[Black "Dyrgaard, Kristoffer"]
[Result "1/2-1/2"]
[WhiteElo "2001"]
[BlackElo "2173"]
[PlyCount "31"]
[EventDate "2008.07.11"]
[EventType "swiss"]
[EventRounds "10"]
[EventCountry "DEN"]
[Source "ChessBase"]
[SourceDate "2008.09.01"]

1. e4 c5 2. Nf3 Nc6 3. d4 cxd4 4. Nxd4 Nf6 5. Nc3 e5 6. Ndb5 d6 7. Bg5 a6 8.
Na3 b5 9. Nd5 Be7 10. Bxf6 Bxf6 11. c3 Bg5 12. Nc2 O-O 13. h4 Bh6 14. g4 Bf4
15. Qf3 Rb8 16. Rd1 1/2-1/2

[Event "Vesterhav"]
[Site "Esbjerg"]
[Date "2008.07.13"]
[Round "5"]
[White "Hasbo, Mikkel"]
[Black "Hansen, Erik Hedegaard"]
[Result "0-1"]
[WhiteElo "1485"]
[BlackElo "1818"]
[PlyCount "76"]
[EventDate "2008.07.11"]
[EventType "swiss"]
[EventRounds "10"]
[EventCountry "DEN"]
[Source "ChessBase"]
[SourceDate "2008.09.01"]

1. e4 c5 2. f4 Nc6 3. Nf3 e6 4. Nc3 d6 5. Bc4 a6 6. d3 Nf6 7. O-O Be7 8. Kh1
O-O 9. Qe1 b5 10. Bb3 Nd4 11. Nxd4 cxd4 12. Ne2 Qb6 13. Qf2 e5 14. c3 Ng4 15.
Qg3 Ne3 16. Bxe3 dxe3 17. fxe5 dxe5 18. Qxe5 Bd6 19. Rxf7 Bxe5 20. Rf6+ Be6 21.
Rxe6 Qxe6 22. Bxe6+ Kh8 23. d4 Bc7 24. Rd1 Rf2 25. Bg4 Raf8 26. Bf3 R8xf3 27.
gxf3 Rxh2+ 28. Kg1 Rxe2 29. d5 Rd2 30. Re1 e2 31. Kg2 Rxb2 32. a3 Kg8 33. f4
Bxf4 34. Kf3 Be5 35. Rxe2 Rxe2 36. Kxe2 Bxc3 37. d6 Kf7 38. Ke3 Be5 0-1